| 000 | 00738nam a22002537a 4500 | ||
|---|---|---|---|
| 001 | 47820 | ||
| 003 | UA-OsUOA | ||
| 005 | 20260601160526.0 | ||
| 007 | ta | ||
| 008 | 20121009b un ||||| |||| 00| 0 ukr d | ||
| 040 |
_aUA-OsUOA _bukr _cUA-OsUOA _dUA-OsUOA |
||
| 041 | _aukr | ||
| 080 | _a94(477).155 | ||
| 090 | _a94(477).155 | ||
| 100 |
_aMusinka M. _925374 |
||
| 245 |
_aRusini-Ukrajinci - jedna narodnost _bk serialu clankov Rusini - ohrozena mensina |
||
| 260 |
_aPresov _c2011 |
||
| 300 | _a16 s. | ||
| 650 | 7 |
_a94(477) Історія України _2UDC _91446 |
|
| 942 |
_cBR _2udc |
||
| 955 | _a4 | ||
| 999 |
_c427922 _d427922 |
||